[Event "Hastings Weekend op"]
[Site "Hastings"]
[Date "2023.01.07"]
[Round "2"]
[White "Petersons, Janis"]
[Black "Pal, Rohan"]
[Result "0-1"]
[WhiteElo "2047"]
[BlackElo "1831"]
[PlyCount "108"]
[EventDate "2023.01.07"]
[EventType "swiss"]
[EventRounds "5"]
[EventCountry "ENG"]
[SourceTitle "CBM 212 Extra"]
[Source "ChessBase"]
[SourceDate "2023.03.31"]
[SourceVersion "1"]
[SourceVersionDate "2023.03.31"]
[SourceQuality "1"]

1. c4 e6 2. Nc3 d5 3. cxd5 exd5 4. d4 Nf6 5. g3 c6 6. Bg2 Bf5 7. Qb3 Qb6 8. Qxb6 axb6 9. Nf3 Bd6 10. 0-0 0-0 11. Nh4 Be6 12. f3 Bb4 13. a3 Rd8 14. Bg5 Be7 15. e4 dxe4 16. fxe4 h6 17. Bxf6 Bxf6 18. d5 Bg4 19. Nf5 Bxf5 20. Rxf5 Nd7 21. dxc6 bxc6 22. e5 Bxe5 23. Bxc6 Rac8 24. Nd5 Bd4+ 25. Kg2 Kf8 26. Bxd7 Rxd7 27. Nf4 Bxb2 28. Re1 Bxa3 29. Re2 Kg8 30. Ra2 Bc5 31. Rb2 Rcd8 32. Rb3 Rd2+ 33. Kh3 Rf2 34. Re5 Rdd2 35. Nd3 Rxh2+ 36. Kg4 g6 37. Re8+ Kg7 38. Nxc5 f5+ 39. Kf4 Rhf2+ 40. Rf3 Rxf3+ 41. Kxf3 bxc5 42. Rc8 Rd3+ 43. Kf4 Rd5 44. Rc7+ Kf8 45. Rc8+ Ke7 46. Rc7+ Kd8 47. Rh7 g5+ 48. Ke3 Rd6 49. Rf7 Rd5 50. Rh7 c4 51. Rxh6 Kd7 52. Rg6 c3 53. Ra6 c2 54. Ra1 Rd1 0-1